Rau tần Thơ
vv
Đã lưu trong:
| Tác giả chính: | |
|---|---|
| Định dạng: | Sách |
| Năm xuất bản: |
H.
Hội nhà văn
1995
|
| Chủ đề: | |
| Tags: |
Thêm thẻ
Không có thẻ, Hãy là người đầu tiên gắn thẻ bản ghi này!
|
| LEADER | 01663nam a2200265 4500 | ||
|---|---|---|---|
| 082 | |a 895.922132 |b TR120H | ||
| 100 | |a Trần Huyền Trân | ||
| 245 | |a Rau tần |c Trần Huyền Trân |b Thơ | ||
| 260 | |a H. |b Hội nhà văn |c 1995 | ||
| 300 | |a 61tr. |c 20cm | ||
| 500 | |a Đầu trang tên sách ghi: Thơ mới( 1932-1945) tác gia và tác phẩm. | ||
| 520 | |a vv | ||
| 653 | |a Văn học hiện đại | ||
| 653 | |a Thế kỷ 20 | ||
| 653 | |a Việt Nam | ||
| 653 | |a Thơ | ||
| 942 | |2 ddc |c STK0 | ||
| 999 | |c 4216 |d 4216 | ||
| 952 | |0 0 |1 0 |2 ddc |4 0 |6 895_922132000000000_TR120H |7 0 |8 800 |9 42575 |a qbu |b qbu |c D5 |d 2014-12-19 |g 10000 |l 1 |o 895.922132 TR120H |p 3848.C1 |r 2018-10-04 |s 2018-09-17 |w 2014-12-19 |y STK0 | ||
| 952 | |0 0 |1 0 |2 ddc |4 0 |6 895_922132000000000_TR120H |7 0 |8 800 |9 42576 |a qbu |b qbu |c D5 |d 2014-12-19 |g 10000 |o 895.922132 TR120H |p 3848.C2 |r 0000-00-00 |w 2014-12-19 |y STK0 | ||
| 952 | |0 0 |1 0 |2 ddc |4 0 |6 895_922132000000000_TR120H |7 0 |8 800 |9 42577 |a qbu |b qbu |c D5 |d 2014-12-19 |g 10000 |o 895.922132 TR120H |p 3848.C3 |r 0000-00-00 |w 2014-12-19 |y STK0 | ||
| 952 | |0 0 |1 0 |2 ddc |4 0 |6 895_922132000000000_TR120H |7 0 |8 800 |9 42578 |a qbu |b qbu |c D5 |d 2014-12-19 |g 10000 |o 895.922132 TR120H |p 3848.C4 |r 0000-00-00 |w 2014-12-19 |y STK0 | ||
| 952 | |0 0 |1 0 |2 ddc |4 0 |6 895_922132000000000_TR120H |7 0 |8 800 |9 42579 |a qbu |b qbu |c D5 |d 2014-12-19 |g 10000 |o 895.922132 TR120H |p 3848.C5 |r 0000-00-00 |w 2014-12-19 |y STK0 | ||
| 952 | |0 0 |1 0 |2 ddc |4 0 |6 895_922132000000000_TR120H |7 0 |8 800 |9 42580 |a qbu |b qbu |c D5 |d 2014-12-19 |g 10000 |o 895.922132 TR120H |p 3848.C6 |r 0000-00-00 |w 2014-12-19 |y STK0 | ||
| 952 | |0 0 |1 0 |2 ddc |4 0 |6 895_922132000000000_TR120H |7 0 |8 800 |9 42581 |a qbu |b qbu |c D5 |d 2014-12-19 |g 10000 |o 895.922132 TR120H |p 3848.C7 |r 0000-00-00 |w 2014-12-19 |y STK0 | ||